00683nam a2200181 i 450000100060000000300090000600500170001500700030003200800410003510000270007624501360010326000390023930000220027870000300030085200320033099900170036295201220037951063ES-MaACL20230906162305.0t|030808s1969 sp ||||1| spa d1 aCuskelly, E. J.94226813aUn corazón para conocerte b: guía práctica de la vida espiritual /cpor E.J. Cuskelly ; [traducción de Carlos E. Pérez]. aSantander : bSal Terrae, c[1969] a299 p. ; c22 cm.1 aPérez, Carlos E.990563 aES-MaACLjC-48482 bR.69334 c51063d51063 00104070aATENEOMbATENEOMcDEPO2d2008-01-17eSCl0oC-48482p1053697r2023-02-23 00:00:00w2023-02-23yMONOGRAFIA